Convert the fraction into Demical: 5/? - Statistics

General Stats
  • This quiz has been taken 13 times
  • The average score is 8 of 10
Answer Stats
Hint Answer % Correct
5/2 2.50...
100%
5/1 5.00
100%
5/5 1.00
90%
5/4 1.25
90%
5/10 0.50
80%
5/9 0.55...
80%
5/3 1.66...
80%
5/8 0.62...
70%
5/7 0.71...
70%
5/6 0.83...
70%
No matching quizzes found
Score Distribution
Percent of People with Each Score
Percentile by Number Answered
Your Score History
You have not taken this quiz